000
00296nam a22001217a 4500
003
SGT
082
_a
004.36,VAU
100
_a
VAUGHN,LARRY
245
_a
CLIENT/SERVER SYSTEM DESIGN AND IMPLEMENTATION
260
_a
NEW DELHI
_b
TATA MCGRAW HILL PUB.
_c
1995
300
_a
220
942
_2
ddc
_c
GF BOOKS
999
_c
34406
_d
34406